00329nam a2200121Ia 4500008004100000041000800041082001600049100001900065245004500084260004400129300002700173365000700200240624s9999 xx 000 0 und d aeng a658.575 BOB aBOBROW EDWIN E aCOMPLETE IDIOTS GUIDE TO NEW PRODUCT DEV c1999aNew DelhibPrentice-Hall of India axxiv, : 307 : cm. ; 24 cRS